000
00282nam a22001337a 4500
008
180314b xxu||||| |||| 00| 0 eng d
020
_a
9780721646411
041
_a
eng
080
_a
579
100
_a
11
101
_a
MIK
245
_a
Microbiology
_c
Walker,T.S
942
_2
udc
_c
BK
999
_c
44999
_d
44999